Crecimiento, pobreza y transferencias condicionadas en Costa Rica /
Guardado en:
| Hovedforfatter: | |
|---|---|
| Format: | Texto |
| Tags: |
Tilføj Tag
Ingen Tags, Vær først til at tagge denne postø!
|
MARC
| LEADER | 00000 a a2200000 04500 | ||
|---|---|---|---|
| 001 | 47736 | ||
| 003 | |||
| 040 | |||
| 100 | |a Lara, Silvia | ||
| 245 | |a Crecimiento, pobreza y transferencias condicionadas en Costa Rica / |c Silvia Lara | ||
| 773 | |g páginas 173-178 | ||
| 999 | |c 36343 |d 36343 | ||
